Normal view
MARC view
- Zeeshan, Muhammad Asaad
Entry Personal Name
001 - CONTROL NUMBER
- control field: 130533
003 - CONTROL NUMBER IDENTIFIER
- control field: NUST
005 - DATE AND TIME OF LATEST TRANSACTION
- control field: 20250922101613.0
008 - FIXED-LENGTH DATA ELEMENTS
- fixed length control field: 250922|| aca||aabn | a|a d
040 ## - CATALOGING SOURCE
- Original cataloging agency: NUST
- Transcribing agency: NUST
100 ## - HEADING--PERSONAL NAME
- Personal name: Zeeshan, Muhammad Asaad
670 ## - SOURCE DATA FOUND
- Source citation: Work cat.: (NUST): Zeeshan, Muhammad Asaad, Automating Clinical Documentation: A Domain-Specific Multimodal Framework for Chest X-ray Report Retrieval/
